2025 NASCAR Craftsman Truck Series Top 10 Finishers - Statistics

General Stats
  • This quiz has been taken 6 times
  • The average score is 19 of 46
Answer Stats
Top 10s Driver % Correct
21 Corey Heim
100%
18 Ty Majeski
83%
8 Ben Rhodes
67%
16 Chandler Smith
67%
1 Christopher Bell
67%
15 Daniel Hemric
67%
11 Gio Ruggiero
67%
14 Grant Enfinger
67%
10 Jake Garcia
67%
3 Kyle Busch
67%
5 Matt Crafton
67%
3 Sammy Smith
67%
6 Tanner Gray
67%
15 Tyler Ankrum
67%
1 William Sawalich
67%
3 Brandon Jones
50%
1 Carson Hocevar
50%
4 Connor Mosack
50%
2 Connor Zilisch
50%
2 Dawson Sutton
50%
1 Frankie Muniz
50%
14 Kaden Honeycutt
50%
2 Kyle Larson
50%
16 Layne Riggs
50%
2 Matt Mills
50%
13 Rajah Caruth
50%
3 Ross Chastain
50%
6 Stewart Friesen
50%
3 Andrés Pérez de Lara
33%
3 Bayley Currey
33%
1 Brenden Queen
33%
7 Corey LaJoie
33%
3 Brent Crews
17%
1 Christian Eckes
17%
2 Jack Wood
17%
1 Luke Fenhaus
17%
1 Timmy Hill
17%
1 William Byron
17%
1 Cameron Waters
0%
3 Corey Day
0%
1 Jason White
0%
2 Josh Bilicki
0%
1 Justin Haley
0%
1 Lawless Alan
0%
1 Trevor Bayne
0%
1 Tyler Reif
0%
No matching quizzes found
Score Distribution
Percent of People with Each Score
Percentile by Number Answered
Your Score History
You have not taken this quiz